000 00529cam a22002291 4500
001 sa 64004054
003 DLC
005 20260227112022.0
008 890816q19601964ii 000 0 telo
010 _asa 64004054
035 _a(OCoLC)20188357
040 _aDLC
_cWaU
_dDLC
042 _apremarc
043 _aa-ii---
050 0 0 _aPL4780.1
_b.L3
100 1 _aHemalata, T.,
_d1932-
245 1 0 _aLatavyāsālu.
260 _c[196-?]
300 _a95 p.
_c19 cm.
500 _aIn Telugu.
650 0 _aAuthors, Telugu.
999 _c58285
_d58285